Central Library OPAC University of Rajshahi

সমাজ ও সম্প্রদায় = Societies and Communities / (Record no. 36733)

MARC details
000 -LEADER
fixed length control field 01065nam a22002537a 4500
001 - CONTROL NUMBER
control field 36733
003 - CONTROL NUMBER IDENTIFIER
rucl marc code BD-RjUL
005 - DATE AND TIME OF LATEST TRANSACTION
control field 20211209052530.0
008 - FIXED-LENGTH DATA ELEMENTS--GENERAL INFORMATION
fixed length control field 140826s2004 bg p|||| |||| 00| 0 ben d
020 ## - INTERNATIONAL STANDARD BOOK NUMBER
Terms of availability : Tk.180.00
035 ## - SYSTEM CONTROL NUMBER
System control number (BD-RjUL) 36835
040 ## - CATALOGING SOURCE
Original cataloging agency BD-RjUL
Language of cataloging ben
Transcribing agency BD-RjUL
Modifying agency BD-RjUL
041 ## - LANGUAGE CODE
Language code of text/sound track or separate title ben
082 ## - DEWEY DECIMAL CLASSIFICATION NUMBER
Classification number 301.7
Author mark and year RAS 2004
100 ## - MAIN ENTRY--PERSONAL NAME
Personal name রহমান, এ এইচ এম মোস্তাফিজুর
9 (RLIN) 112047
245 10 - TITLE STATEMENT
Title সমাজ ও সম্প্রদায় = Societies and Communities /
Statement of responsibility, etc. এ এইচ এম মোস্তাফিজুর রহমান, মো. ইকবাল হুসাইন
260 ## - PUBLICATION, DISTRIBUTION, ETC. (IMPRINT)
Place of publication, distribution, etc. ঢাকা :
Name of publisher, distributor, etc. লেখাপড়া,
Date of publication, distribution, etc. ২০০৪.
300 ## - PHYSICAL DESCRIPTION
Pagination [৪],৩৬৭ পৃ. :
Illustrations চিত্র ;
Size ২২ সেমি.
500 ## - GENERAL NOTE
General note "মেজর কোর্স:102"
650 ## - SUBJECT ADDED ENTRY--TOPICAL TERM
Topical term or geographic name as entry element সমাজবিজ্ঞান
9 (RLIN) 112048
Topical term or geographic name as entry element Sociology
9 (RLIN) 112049
700 ## - ADDED ENTRY--PERSONAL NAME
Personal name হুসাইন, মো: ইকবাল, যুগ্ম লেখক
942 ## - ADDED ENTRY ELEMENTS (KOHA)
Source of classification or shelving scheme Dewey Decimal Classification
Koha item type Books
Holdings
Lost status Source of classification or shelving scheme Damaged status Not for loan Collection code Permanent Location Current Location Shelving location Date acquired Source of acquisition Cost, normal purchase price Total Checkouts Full call number Date last seen Copy number Koha item type Date checked out
  Dewey Decimal Classification     Non-fiction Central Library, University of Rajshahi Central Library, University of Rajshahi   06/12/2004 Author 180.00   B 301.7 RAS 2004 26/08/2014 C-4 Books  
  Dewey Decimal Classification     Non-fiction Central Library, University of Rajshahi Central Library, University of Rajshahi   06/12/2004 Author, R.U. 180.00   B 301.7 RAS 2004 30/05/2016 C-3 Books  
  Dewey Decimal Classification     Non-fiction Central Library, University of Rajshahi Central Library, University of Rajshahi   06/12/2004 Author 180.00   B 301.7 RAS 2004 12/07/2016 C-2 Books  
  Dewey Decimal Classification     Non-fiction Central Library, University of Rajshahi Central Library, University of Rajshahi   06/12/2004 Author 180.00   B 301.7 RAS 2004 16/07/2016 C-5 Books  
  Dewey Decimal Classification     Non-fiction Central Library, University of Rajshahi Central Library, University of Rajshahi   06/12/2004 Author 180.00 1 B 301.7 RAS 2004 30/10/2016 C-6 Books 05/10/2016
  Dewey Decimal Classification     Non-fiction Central Library, University of Rajshahi Central Library, University of Rajshahi   06/12/2004 Author 180.00   B 301.7 RAS 2004 06/08/2016 C-7 Books  
  Dewey Decimal Classification     Non-fiction Central Library, University of Rajshahi Central Library, University of Rajshahi   06/12/2004 Author 180.00   B 301.7 RAS 2004 06/08/2016 C-8 Books  
  Dewey Decimal Classification     Non-fiction Central Library, University of Rajshahi Central Library, University of Rajshahi   06/12/2004 Author 180.00   B 301.7 RAS 2004 06/08/2016 C-8 Books  
  Dewey Decimal Classification     Non-fiction Central Library, University of Rajshahi Central Library, University of Rajshahi   06/12/2004 Author 180.00   B 301.7 RAS 2004 06/08/2016 C-9 Books  
  Dewey Decimal Classification   Not For Loan Non-fiction Central Library, University of Rajshahi Central Library, University of Rajshahi Reading Room 06/12/2004 M.Shamsur Rahaman,R.U. 180.00   B 301.7 RAS 2004 18/12/2016 C-1 Books